01201 2200265 4500001002100000005001500021035002000036007000300056008004100059020002200100082000800122084001700130100003000147245003500177250002000212300003800232650001900270504003200289520047900321264004500800336002100845337003000866338002300896990001600919INLIS00000000004392620220107111818 a0010-0122000010ta220107 g 0 ind  a978-602-06-3610-8 a391 aSR 391 DID k0 aDidiet Maulanaepengarang1 aKisah kebaya /cDidiet Maulana aCetakan pertama a338 halaman :bilustrasi ;c21 cm 4aPakaian daerah aBibliografi halaman 316-317 aBicara kebaya berarti bicara mengenai nilai yang terkandung di dalamnya, bicara mengenai karakter, juga cerita di setiap detailnya. Kebaya adalah identitas yang kita sepakati dimiliki oleh setiap daerah di Indonesia, dari Sabang sampai Merauke, sejak zaman dahulu kala. Hari ini, kebaya memiliki wajah yang berbeda-beda.. Ia tidak lagi dipandang kuno dan ketinggalan zaman. Kebaya adalah cerminan sikap dan integritas. Kebaya adalah pancaran sinar kebersihan hati manusia. aJakarta :bGramedia Pustaka Utama,c2021 2rdacontentateks 2rdamediaatanpa perantara 2rdacarrieravolume a49035.61855